No relief for tenant (Record no. 117518)

MARC details
000 -LEADER
fixed length control field 00908cam a2200217 4500
001 - CONTROL NUMBER
control field ABS67948
008 - FIXED-LENGTH DATA ELEMENTS--GENERAL INFORMATION
fixed length control field 040615n2004 000 0 eng u
035 ## - SYSTEM CONTROL NUMBER
System control number (Sirsi) u126480
100 ## - MAIN ENTRY--PERSONAL NAME
Personal name Murdoch, S.
245 ## - TITLE STATEMENT
Title No relief for tenant
260 ## - PUBLICATION, DISTRIBUTION, ETC.
Date of publication, distribution, etc. 2004
490 ## - SERIES STATEMENT
Series statement Estates Gazette
Volume/sequential designation (0423) 5 June 2004, 119(1)
520 ## - SUMMARY, ETC.
Summary, etc. Discusses "Mount Cook Ltd v Media Business Centre Ltd" ([2004] EWHC 346 (Ch), [2004] 2 P&CR 477-485(9) which confirmed the principle that discontinuance of forfeiture proceedings reinstates a lease. A landlord can implement a rent review even after instituting forfeiture proceedings and is entitled to an increased rent under any already accrued right.
590 ## - LOCAL NOTE (RLIN)
Local note ABS
590 ## - LOCAL NOTE (RLIN)
Local note ABS
650 ## - SUBJECT ADDED ENTRY--TOPICAL TERM
Topical term or geographic name entry element MOUNT COOK LTD V MEDIA BUSINESS CENTRE LTD
650 ## - SUBJECT ADDED ENTRY--TOPICAL TERM
Topical term or geographic name entry element LAW OF FORFEITURE
650 ## - SUBJECT ADDED ENTRY--TOPICAL TERM
Topical term or geographic name entry element RENT REVIEWS
690 ## - LOCAL SUBJECT ADDED ENTRY--TOPICAL TERM (OCLC, RLIN)
Topical term or geographic name as entry element LANDLORD AND TENANT-RENT REVIEWS
942 ## - ADDED ENTRY ELEMENTS (KOHA)
Suppress in OPAC 0
Holdings
Withdrawn status Lost status Source of classification or shelving scheme Damaged status Not for loan Home library Current library Shelving location Date acquired Total Checkouts Full call number Barcode Date last seen Copy number Price effective from Koha item type
    Dewey Decimal Classification     London London Journal article 15/06/2004   ABS67948 126480-1001 06/08/2019 1 06/08/2019 Journal article